PR A PERSUASIVE INDUSTRY SPIN PUBLIC REL (Record no. 19651)

MARC details
000 -LEADER
fixed length control field 00362nam a2200133Ia 4500
008 - FIXED-LENGTH DATA ELEMENTS--GENERAL INFORMATION
fixed length control field 240624s9999 xx 000 0 und d
041 ## - LANGUAGE CODE
Language code of text/sound track or separate title eng
082 ## - DEWEY DECIMAL CLASSIFICATION NUMBER
Classification number 303.342 MOR
100 ## - MAIN ENTRY--PERSONAL NAME
Personal name BY MORRIS TREVOR
245 ## - TITLE STATEMENT
Title PR A PERSUASIVE INDUSTRY SPIN PUBLIC REL
260 ## - PUBLICATION, DISTRIBUTION, ETC.
Date of publication, distribution, etc. 2008
Place of publication, distribution, etc. Europe
Name of publisher, distributor, etc. Palgrave Macmillan
300 ## - PHYSICAL DESCRIPTION
Extent xiii, : 204 : p. : cm. ; 23
365 ## - TRADE PRICE
Currency code RS
Price amount 30
Holdings
Withdrawn status Lost status Damaged status Not for loan Home library Current library Shelving location Date acquired Source of acquisition Cost, normal purchase price Full call number Barcode Date last seen Copy number Price effective from Koha item type
        IMTN IMTN Rack 6-B 09/27/2012 AP 1395.00 303.342 MOR 19651 06/24/2024 1 06/24/2024 Books
Designed & Maintained by: LRC IMT Nagpur Contact: lrc@imtnag.ac.in© 2024. All Rights Reserved.